"Мертвые души" Н. В. Гоголя

Bibliographic Details
Main Author: Машинский С. И. Семен Иосифович
Summary:Исключено из фонда НТБ ТПУ
Language:Russian
Published: Москва, Художественная литература, 1978
Edition:2-е изд., доп.
Series:Массовая историко-литературная библиотека
Format: MixedMaterials Book
KOHA link:https://koha.lib.tpu.ru/cgi-bin/koha/opac-detail.pl?biblionumber=116834

MARC

LEADER 00000nam0a2200000 4500
001 116834
005 20231031123359.0
035 |a (RuTPU)RU\TPU\book\126431 
090 |a 116834 
100 |a 20070528d1978 d y0rusy50 ca 
101 0 |a rus 
102 |a RU 
105 |a y z 001zy 
200 1 |a "Мертвые души" Н. В. Гоголя  |f С. И. Машинский 
205 |a 2-е изд., доп. 
210 |a Москва  |c Художественная литература  |d 1978 
215 |a 119 с. 
225 1 |a Массовая историко-литературная библиотека 
333 |a Исключено из фонда НТБ ТПУ 
700 1 |a Машинский  |b С. И.  |g Семен Иосифович 
801 1 |a RU  |b 63413507  |c 20070528  |g PSBO 
801 2 |a RU  |b 63413507  |c 20220616  |g PSBO 
942 |c BK